Statystyki dla 15 najludniejszych miast Chin

Kliknij tutaj aby rozwiązać quiz!

Ogólne statystyki

  • Ten quiz został rozwiązany 28 razy
  • Średni wynik to 5 z 15

Statystyki odpowiedzi

HintOdpowiedź% Poprawnych
11.716.600Pekin
100%
22.315.500Szanghaj
100%
11.071.400Kanton
72%
9.785.400Wuhan
72%
11.090.300Tiencin
32%
7.415.600Chengdu
28%
7.457.600Chongqing
28%
6.501.200Xi'an
24%
7.165.300Nankin
20%
5.878.900Harbin
12%
10.358.400Shenzhen
12%
8.000.000Dongguan
8%
6.255.900Shenyang
8%
6.242.000Hangzhou
4%
7.150.000Nanchong
0%

Rozkład punktacji

Percentyl według liczby udzielonych odpowiedzi

Procent ludzi z każdym wynikiem

Twoja historia wyników

Nie rozwiązałeś tego quizu